00474nam a2200181Ia 450000500170000000800410001702000180005804100080007608200150008410000130009924500570011225000120016926000330018130000090021450000280022365000280025170000130027920251122103547.0230125s9999 xx 000 0 und d a9781259002816 aeng a158.1bELA aElango R aYou Don't Need A Godfather : Create Your Own Success a9th Ed. c2014bMcGraw-HillaNew Delhi a108p aPersonality Development aPersonality Development aElango R